Dia cinta hatiku?

Bibliographic Details
Main Author: Azieana
Format: Book
Published: Kuala Lumpur : Love Novel Publishing Sdn. Bhd. , 2017
Subjects:

MARC

LEADER 00000cam a2200000 7i4500
001 0000082443
005 20190204.0
008 190129
020 |a 9789670907635 
041 0 |a Malay 
090 0 0 |a AZI   |b MAL 
100 0 |a Azieana 
245 0 0 |a Dia cinta hatiku?   |c Azieana 
260 |a Kuala Lumpur :   |b Love Novel Publishing Sdn. Bhd. ,   |c 2017 
300 |a 627p. ;   |c 18.4cm. 
541 0 0 |c Purchased on 2018   |f 109/2018 BME   |h RM28.00 
650 0 |a Malay fiction 
999 |a 0001538948   |b Book   |c Adult Collection   |e Cawangan Bandar Tenggara 
999 |a 0001538949   |b Book   |c Adult Collection   |e Cawangan Bukit Gambir 
999 |a 0001538951   |b Book   |c Adult Collection   |e Cawangan Batu Pahat 
999 |a 0001538952   |b Book   |c Adult Collection   |e Cawangan Tmn. Ungku Tun Aminah 
999 |a 0001538953   |b Book   |c Adult Collection   |e Cawangan Muar 
999 |a 0001538954   |b Book   |c Adult Collection   |e Cawangan Bandar Penawar 
999 |a 0001538955   |b Book   |c Adult Collection   |e Cawangan Taman Universiti 
999 |a 0001538956   |b Book   |c Adult Collection   |e Cawangan Segamat 
999 |a 0001538957   |b Book   |c Adult Collection   |e Cawangan Tangkak 
999 |a 0001538958   |b Book   |c Adult Collection   |e Cawangan Taman Sri Lambak 
999 |a 0001538959   |b Book   |c Adult Collection   |e Cawangan Kota Tinggi 
999 |a 0001538960   |b Book   |c Adult Collection   |e Cawangan Pontian 
999 |a 0001538961   |b Book   |c Adult Collection   |e Cawangan Mersing 
999 |a 0001542797   |b Book   |c Adult Collection   |e Perbadanan Perpustakaan Awam Johor 
999 |a 0001542798   |b Book   |c Adult Collection   |e Cawangan Urban Transformation Centre 
999 |a 0001542799   |b Book   |c Adult Collection   |e Cawangan AEON Kulaijaya 
999 |a 0001714292   |b Book   |c Adult Collection   |e Cawangan Sri Merlong